Central Library OPAC University of Rajshahi

Elementary vector analysis : (Record no. 51260)

MARC details
000 -LEADER
fixed length control field 00772nam a2200241 a 4500
001 - CONTROL NUMBER
control field 51260
003 - CONTROL NUMBER IDENTIFIER
rucl marc code BD-RjUL
005 - DATE AND TIME OF LATEST TRANSACTION
control field 20211209075631.0
008 - FIXED-LENGTH DATA ELEMENTS--GENERAL INFORMATION
fixed length control field 160830s1953 enka 001 0 eng d
035 ## - SYSTEM CONTROL NUMBER
System control number (BD-RjUL)51380
040 ## - CATALOGING SOURCE
Original cataloging agency NSL
Transcribing agency NSL
Modifying agency EQO
-- BD-RjUL
Language of cataloging eng
041 ## - LANGUAGE CODE
Language code of text/sound track or separate title eng
082 ## - DEWEY DECIMAL CLASSIFICATION NUMBER
Edition number 23
Classification number 516.8
Author mark and year WEE 1953
100 1# - MAIN ENTRY--PERSONAL NAME
Personal name Weatherburn, C. E.
9 (RLIN) 151894
245 10 - TITLE STATEMENT
Title Elementary vector analysis :
Remainder of title with application to geometry and physics /
Statement of responsibility, etc. C. E. Weatherburn
260 ## - PUBLICATION, DISTRIBUTION, ETC. (IMPRINT)
Place of publication, distribution, etc. London :
Name of publisher, distributor, etc. G. Bell and Sons, Ltd.,
Date of publication, distribution, etc. 1953.
300 ## - PHYSICAL DESCRIPTION
Pagination xxvii, 184 p. :
Illustrations ill. ;
Size 22 cm.
490 1# - SERIES STATEMENT
Series statement Bell's mathematical series. Advanced section
500 ## - GENERAL NOTE
General note Includes index.
650 #0 - SUBJECT ADDED ENTRY--TOPICAL TERM
Topical term or geographic name as entry element Vector analysis.
9 (RLIN) 153344
830 #0 - SERIES ADDED ENTRY--UNIFORM TITLE
Uniform title Bell's mathematical series.
942 ## - ADDED ENTRY ELEMENTS (KOHA)
Source of classification or shelving scheme Dewey Decimal Classification
Koha item type Books
Holdings
Lost status Source of classification or shelving scheme Damaged status Not for loan Collection code Permanent Location Current Location Shelving location Date acquired Source of acquisition Cost, normal purchase price Total Checkouts Full call number Date last seen Copy number Koha item type
  Dewey Decimal Classification     Non-fiction Central Library, University of Rajshahi Central Library, University of Rajshahi   23/02/1955 Mullick pro 9.60   516.8 WEE 1953 30/08/2016 C-2 Books
  Dewey Decimal Classification     Non-fiction Central Library, University of Rajshahi Central Library, University of Rajshahi   23/02/1955 Mullick pro 9.60   516.8 WEE 1953 30/08/2016 C-3 Books
  Dewey Decimal Classification     Non-fiction Central Library, University of Rajshahi Central Library, University of Rajshahi   23/02/1955 Mullick pro 9.60   516.8 WEE 1953 30/08/2016 C-4 Books